[Event "Olympiad Women 2024"]
[Site "Budapest HUN"]
[Date "2024.09.19"]
[Round "8.68"]
[Board "2"]
[White "Ramas, Carmina Jasmine"]
[Black "Anahi Rishit Shah"]
[Result "1-0"]
[WhiteElo "1712"]
[BlackElo "1513"]
[PlyCount "113"]
[EventDate "2024.09.11"]
[WhiteTeam "Guam"]
[BlackTeam "Tanzania"]
[WhiteTeamCountry "GMA"]
[BlackTeamCountry "TAN"]

1. d4 Nf6 2. Bf4 e6 3. Nf3 Nc6 4. e3 d5 5. Nbd2 Bd6 6. Ne5 Bxe5 ({RR} 6... O-O 7. Bd3 Nb4 8. Be2 c5 9. c3 Nc6 10. Bg3 Ne7 11. Bd3 b6 12. O-O Bb7 13. Qe2 Ne4 14. Bxe4 dxe4 15. dxc5 Bxe5 16. Bxe5 bxc5 17. Rfd1 Qb6 18. Nc4 Qa6 19. Bd6 Bd5 20. b3 Rfe8 21. Bxe7 {1-0 Petrosyan,M (2549)-Golubov,S (2492) Moscow Aeroflot op-A 16th 2017 (7)}) 7. dxe5 Nd7 8. Nf3 ({RR} 8. Qg4 Kf8 9. Bg5 Ndxe5 10. Bxd8 Nxg4 11. Bxc7 f5 12. Nf3 Kf7 13. h3 Nf6 14. Ne5+ Nxe5 15. Bxe5 Nd7 16. Bc3 Nc5 17. f3 Bd7 18. g4 Rhc8 19. O-O-O Bc6 20. Rg1 g6 21. h4 Nd7 22. gxf5 exf5 {1-0 Santos Flores,A (2191)-Valle,E (1955) 17th American Continental 2024 (11.66)}) 8... f6 $146 ({RR} 8... O-O 9. Bd3 b6 10. h4 h6 11. c3 f5 12. h5 Nc5 13. Bc2 a5 14. Nh4 Ba6 15. g4 Ne4 16. Ng6 Rf7 17. f3 Ng5 18. Bg3 fxg4 19. f4 Nf3+ 20. Kf2 Ne7 21. Bh4 Nxh4 22. Nxh4 Nf5 23. Qxg4 {½-½ Verboom,T-Garcia,F IBCA blind Olympiad 06th fin-B 1980 (5.4)}) 9. exf6 Nxf6 10. c3 O-O 11. Bd3 Re8 12. Ne5 Nxe5 13. Bxe5 Rf8 14. O-O Nd7 15. Qh5 g6 16. Bxg6 Qe7 17. Bc2 Nxe5 18. Qxe5 c6 19. f4 Qg7 20. Qh5 Bd7 21. Rf3 Qf7 22. Qe5 Qf6 23. Rg3+ Kh8 24. Rh3 Qxe5 25. Rxh7+ Kg8 26. fxe5 Rf7 27. Rxf7 Kxf7 28. Rf1+ Kg7 29. Rf3 a5 30. Kf2 a4 31. a3 b5 32. h4 Rc8 33. Rg3+ Kh8 34. h5 c5 35. Rg4 Rf8+ 36. Rf4 Rc8 37. g4 Rg8 38. Rf7 Rg7 39. Rxg7 Kxg7 40. g5 Be8 41. Bd1 c4 42. Kg3 b4 43. axb4 Kh7 44. Kh4 Kg7 45. Bg4 d4 46. exd4 Kh7 47. Bxe6 Kg7 48. d5 Kh7 49. d6 Kg7 50. d7 Bxd7 51. Bxd7 Kh7 52. e6 Kg7 53. e7 a3 54. h6+ Kh7 55. e8=Q a2 56. Qf7+ Kh8 57. Qg7# 1-0

[Event "Olympiad Women 2024"]
[Site "Budapest HUN"]
[Date "2024.09.19"]
[Round "8.68"]
[Board "3"]
[White "Bertha Samson Mkude"]
[Black "Estur, Grace Co"]
[Result "1-0"]
[WhiteElo "1459"]
[BlackElo "1586"]
[PlyCount "85"]
[EventDate "2024.09.11"]
[WhiteTeam "Tanzania"]
[BlackTeam "Guam"]
[WhiteTeamCountry "TAN"]
[BlackTeamCountry "GMA"]

1. e4 e5 2. Nf3 Nc6 3. Bc4 Nf6 4. Nc3 Bc5 5. O-O d6 6. h3 Ne7 ({RR} 6... h6 7. a3 g5 8. b4 Bb6 9. Nd5 Nxe4 10. Nxb6 axb6 11. Re1 Nf6 12. Bb2 Be6 13. Bxe6 fxe6 14. d4 e4 15. d5 exd5 16. Bxf6 Qxf6 17. Qxd5 O-O-O 18. Qxe4 Rhf8 19. a4 Ne5 20. Ra3 Rde8 21. Kh1 {½-½ Janos,M (2210)-Kaniansky,M (2218) SVK-chT1W 0809 2008 (10.5)}) 7. d3 ({RR} 7. Ne2 a6 8. a3 Ng6 9. d3 O-O 10. Bg5 h6 11. Be3 Ba7 12. c3 Nh5 13. Nh2 Be6 14. Ba2 Nhf4 15. Nxf4 exf4 16. Bxa7 Rxa7 17. d4 Qg5 18. Nf3 Qe7 19. Qd2 Kh8 20. Rfe1 Nh4 21. Qxf4 g5 {0-1 Cardona Palacio,C-Moncada,D (1595) COL-ch sf 2nd 2018 (7)}) 7... c6 8. Bg5 $146 ({RR} 8. Be3 Bb6 9. d4 Ng6 10. Ng5 d5 11. Bb3 O-O 12. f4 exf4 13. Bxf4 h6 14. e5 Ne8 15. Qd2 Nxf4 16. Rxf4 Qxg5 17. Rf2 Qxd2 18. Rxd2 Nc7 19. Rf1 Ne6 20. Ne2 Ng5 21. Rd3 Ne4 22. Rf4 Bd7 {0-1 Diamantea,V-Filopoulou,A ESSPEP-chT Kalamata 2010 (4)}) 8... b5 9. Bb3 O-O 10. Bxf6 gxf6 11. Qd2 Be6 12. Nh2 Bxb3 13. axb3 Kg7 14. Ng4 Ng6 15. Ne2 d5 16. exd5 cxd5 17. Ng3 Nf4 18. Ra6 Bb6 19. Ne2 Qc7 20. Nxf4 exf4 21. g3 h5 22. Nh2 fxg3 23. Nf3 gxf2+ 24. Kg2 Rg8 25. d4 Kh7+ 26. Kxf2 Qg3+ 27. Ke2 Qxh3 28. Qd3+ Kh8 29. Raa1 Rae8+ 30. Kd2 Rg2+ 31. Kc3 Qc8+ 32. Kb4 Re6 33. Rh1 Qf8+ 34. Kxb5 Qe8+ 35. Kb4 a5+ 36. Ka3 Rg7 37. Rxh5+ Kg8 38. Rah1 Qe7+ 39. Ka2 Kf8 40. Rh8+ Rg8 41. Rxg8+ Kxg8 42. Qh7+ Kf8 43. Qh8# 1-0

[Event "Olympiad Women 2024"]
[Site "Budapest HUN"]
[Date "2024.09.19"]
[Round "8.70"]
[Board "1"]
[White "Almusawi, Maram"]
[Black "Kovacova, Zuzana"]
[Result "0-1"]
[WhiteElo "1510"]
[BlackElo "2020"]
[PlyCount "146"]
[EventDate "2024.09.11"]
[WhiteTeam "Bahrain"]
[BlackTeam "Bermuda"]
[WhiteTeamCountry "BHN"]
[BlackTeamCountry "BER"]

1. d4 {Baburin,Alexander} d5 2. c4 dxc4 3. e3 e5 4. Bxc4 exd4 5. exd4 Nf6 6. Nc3 Be7 7. Nf3 O-O 8. h3 Nbd7 9. O-O Nb6 10. Bb3 c6 11. Bf4 ({RR} 11. Ne5 Nbd5 12. Re1 Be6 13. Bg5 Re8 14. Rc1 Nd7 15. Bxe7 Rxe7 16. Ne4 f6 17. Nd3 Nf8 18. Qf3 Qc7 19. Ng3 Rd8 20. Nc5 Bf7 21. Rxe7 Qxe7 22. Nf5 Qc7 23. Qg3 Qxg3 24. fxg3 b6 25. Nb7 Rd7 {1-0 Sokolov,I (2665)-Huebner,R (2635) Hoogovens Wijk aan Zee 1996 (13)}) ({RR} 11. Ne5 Nbd5 12. Qf3 Be6 13. Re1 Qb6 14. Bg5 Rad8 15. Rad1 Nxc3 16. Bxe6 Nxd1 17. Nxf7 Rxf7 18. Rxd1 Rxd4 19. Bxf6 Bxf6 20. Rxd4 Qxd4 21. Qb3 Qxb2 22. Bxf7+ Kf8 23. Qe6 Qe5 24. Qxe5 Bxe5 25. Be6 Ke7 {0-1 Polaczek,R (2302)-Suder,J (2304) Titled Tue 1st Aug Late 2023 (11)}) 11... Nbd5 12. Bh2 Bd6 $146 ({RR} 12... h6 13. Re1 Be6 14. Rc1 Bd6 15. Be5 Nxc3 16. bxc3 Bxe5 17. Nxe5 Re8 18. Bxe6 Rxe6 19. Qb3 Qb6 20. Rb1 Qxb3 21. Rxb3 b6 22. Kf1 Rae8 23. Nf3 Rxe1+ 24. Nxe1 Ne4 25. Nf3 Kf8 26. c4 f6 27. g4 {½-½ Ziegenfuss,A (1937)-Brunner,S (1769) GER-ch U14 Girls 2018 (5)}) 13. Bxd6 Qxd6 14. Nxd5 Nxd5 15. Re1 Nf4 16. Ne5 Be6 17. Bc2 Rad8 18. Re4 Ng6 19. Nxg6 hxg6 20. h4 Bf5 21. Re1 Bxc2 22. Qxc2 Qxd4 23. Re4 Qf6 24. Rae1 Rd7 25. Qe2 Qf5 26. Re5 Qf6 27. Re8 Qd6 28. Rxf8+ Qxf8 29. Qg4 Qd8 30. h5 gxh5 31. Qxh5 Re7 32. Rxe7 Qxe7 33. Qd1 c5 34. Qd2 b6 35. Qc3 Qe6 36. a3 Qd5 37. Qe1 Kf8 38. Qe2 Qd4 39. Kh2 c4 40. Qc2 Qd3 41. Qa4 Qd6+ 42. Kg1 Qc7 43. Qb4+ Kg8 44. Qc3 b5 45. Kh1 Qd6 46. Kg1 Qf4 47. Qb4 a6 48. Qc3 g6 49. Qb4 Qd4 50. g3 Qd3 51. Kg2 Kg7 52. Kg1 Kf6 53. Kg2 Qd4 54. Kg1 Kf5 55. Kg2 Qd5+ 56. Kg1 Kg4 57. Kh2 Qd4 58. Kg2 Qe4+ 59. Kh2 Qe2 60. Kg2 Qf3+ 61. Kf1 Kh3 62. Qd2 Qd3+ 63. Ke1 Qxd2+ 64. Kxd2 Kg4 65. Ke3 f5 66. Ke2 g5 67. Ke3 f4+ 68. gxf4 gxf4+ 69. Ke4 a5 70. Ke5 Kf3 71. Kf5 b4 72. axb4 axb4 73. Ke5 c3 0-1

[Event "Olympiad Women 2024"]
[Site "Budapest HUN"]
[Date "2024.09.19"]
[Round "8.70"]
[Board "2"]
[White "Cancino, Shiela"]
[Black "Sharaf, Hawra"]
[Result "0-1"]
[WhiteElo "1663"]
[BlackElo "1595"]
[PlyCount "106"]
[EventDate "2024.09.11"]
[WhiteTeam "Bermuda"]
[BlackTeam "Bahrain"]
[WhiteTeamCountry "BER"]
[BlackTeamCountry "BHN"]

1. d4 d5 2. Nf3 c6 3. e3 Nf6 4. Nbd2 Bg4 5. h3 Bh5 6. g4 Bg6 7. Ne5 Nbd7 8. Nxg6 hxg6 9. f4 $146 ({RR} 9. Bg2 e5 10. Nf3 Bd6 11. b3 Qe7 12. Bb2 Ne4 13. Nd2 Bb4 14. Bxe4 dxe4 15. c3 Ba5 16. Qe2 f5 17. O-O-O O-O-O 18. Nc4 Bc7 19. Rdg1 exd4 20. cxd4 Nf6 21. gxf5 gxf5 22. Rg6 f4 23. Rhg1 Rh7 {1-0 Eilers,S (2275)-Causo,D (2224) Titled Tue 4th Jun Early 2024 (6)}) 9... e6 10. Nf3 Ne4 11. Rg1 Be7 12. g5 Qb6 13. a3 c5 14. Nd2 Nxd2 15. Qxd2 cxd4 16. exd4 Rc8 17. Rg3 Bd6 18. Rb3 Qc7 19. Rc3 Qd8 20. Rxc8 Qxc8 21. b3 Rh4 22. c4 Rxf4 23. cxd5 Re4+ 24. Kd1 Bg3 25. Be2 exd5 26. Qd3 Bf2 27. Bb2 Qd8 28. Bf3 Re3 29. Qd2 Re1+ 30. Kc2 Qc7+ 31. Kd3 Re3+ 32. Qxe3+ Bxe3 33. Kxe3 Qg3 34. h4 Qxh4 35. Rg1 Qh3 36. Bc1 f6 37. Kf2 Qf5 38. Kg3 fxg5 39. Re1+ Kd8 40. b4 Nf6 41. Bb2 Qf4+ 42. Kg2 Ne4 43. Bxe4 dxe4 44. Bc1 Qf3+ 45. Kg1 g4 46. Rf1 Qg3+ 47. Kh1 Qh3+ 48. Kg1 g3 49. Bg5+ Ke8 50. Rf4 Qh2+ 51. Kf1 g2+ 52. Ke2 g1=Q+ 53. Rf2 Qhxf2# 0-1

[Event "Olympiad Women 2024"]
[Site "Budapest HUN"]
[Date "2024.09.19"]
[Round "8.70"]
[Board "3"]
[White "Yaqoob, Wafa"]
[Black "Gontcharova, Olga"]
[Result "1-0"]
[WhiteElo "1438"]
[BlackElo "1567"]
[PlyCount "75"]
[EventDate "2024.09.11"]
[WhiteTeam "Bahrain"]
[BlackTeam "Bermuda"]
[WhiteTeamCountry "BHN"]
[BlackTeamCountry "BER"]

1. e4 e5 2. Nf3 d6 3. Bc4 Be7 4. c3 Nf6 5. d3 Nbd7 6. Nbd2 O-O 7. O-O c6 8. Bb3 Qc7 9. Re1 b6 10. Nf1 $146 ({RR} 10. d4 Bb7 11. Qe2 a5 12. h3 Ba6 13. Qe3 Nh5 14. Nf1 Nf4 15. Bc2 Rfe8 16. Ng3 Bf8 17. Qd2 Nf6 18. Qd1 N6h5 19. Nxh5 Nxh5 20. Nxe5 dxe5 21. Qxh5 exd4 22. cxd4 Rad8 23. Be3 g6 24. Qf3 Bg7 {½-½ Beshukova,E (1676)-Tletseri,M (1952) Nebug op 2011 (4)}) 10... Re8 11. Ng3 Bb7 12. Nh4 d5 13. Nhf5 g6 14. Nxe7+ Rxe7 15. Bg5 Qd6 16. Qf3 Kg7 17. h4 Rh8 18. h5 h6 19. Bh4 Qe6 20. exd5 cxd5 21. d4 g5 22. Nf5+ Kf8 23. Nxe7 Kxe7 24. Bg3 g4 25. Qe3 Nxh5 26. Bxe5 Rh7 27. Qd3 f6 28. Bxf6+ Nhxf6 29. Rxe6+ Kf7 30. Rxf6+ Nxf6 31. Qf5 Rg7 32. Re1 Rg5 33. Qe6+ Kg6 34. Bc2+ Kh5 35. Qxf6 g3 36. Bd1+ Kh4 37. Qxh6+ Rh5 38. Qxh5# 1-0

[Event "Olympiad Women 2024"]
[Site "Budapest HUN"]
[Date "2024.09.19"]
[Round "8.71"]
[Board "1"]
[White "Pg Hj Janudin, Dk Siti Haziqah"]
[Black "Swaminathan, Laia"]
[Result "0-1"]
[WhiteElo "1711"]
[BlackElo "1620"]
[PlyCount "58"]
[EventDate "2024.09.11"]
[WhiteTeam "Brunei Darussalam"]
[BlackTeam "Cayman Islands"]
[BlackTeamCountry "CAY"]

1. d4 d5 2. c4 e6 3. cxd5 exd5 4. Nc3 Nf6 5. Nf3 Be7 6. Bf4 O-O 7. e3 Bf5 8. Bd3 ({RR} 8. h3 c6 9. Nh4 Be6 10. Bd3 Re8 11. O-O Nbd7 12. Nf3 Nf8 13. Qc2 Rc8 14. Rab1 Bd6 15. Bxd6 Qxd6 16. b4 a6 17. a4 Rc7 18. a5 Rce7 19. Na4 Bc8 20. Nc5 g6 21. Ne5 N6d7 22. f4 f6 {1-0 Maghsoodloo,P (2734)-Dubov,D (2708) Titled Tue 16th May Early 2023 (8)}) 8... Bxd3 9. Qxd3 Re8 $146 ({RR} 9... Na6 10. O-O Nb4 11. Qe2 Ne4 12. Rfc1 c6 13. a3 Na6 14. Nxe4 dxe4 15. Nd2 Qd5 16. b4 g5 17. Bg3 f5 18. Be5 Rfc8 19. Nc4 Nb8 20. Qa2 Nd7 21. Bd6 Kf8 22. Bg3 Kg7 23. Na5 Qxa2 24. Rxa2 {½-½ Manninen,M (2380)-Kokkila,T (2285) Tampere Elo Taraus op 1997 (5)}) ({RR} 9... c6 10. O-O Nh5 11. Be5 Nd7 12. Rad1 Re8 13. h3 Qb6 14. Bh2 Qxb2 15. Rb1 Qa3 16. Rb3 Qa6 17. Qxa6 bxa6 18. Rb7 Nhf6 19. g4 Nb6 20. Ne5 c5 21. dxc5 Bxc5 22. Nxf7 d4 23. exd4 Bxd4 24. Nd1 {½-½ Xue,L (1992)-Bungarten,J (2073) 51st Sparkassen Open A 2024 (8.63)}) ({RR} 9... c6 10. O-O Nh5 11. Rab1 Nxf4 12. exf4 a5 13. Rfe1 Nd7 14. Re3 Bd6 15. Ne5 Re8 16. Qf5 Re7 17. Na4 Nf8 18. Rg3 Rc7 19. Re1 f6 20. Nd3 Re7 21. Rge3 Rxe3 22. Rxe3 b6 23. h4 Bc7 24. g3 {½-½ Ungureanu,E-Zinn,L Olympiad-19 Final A 1970 (3)}) ({RR} 9... c6 10. O-O Nh5 11. Bg3 Nxg3 12. hxg3 Nd7 13. Rab1 a5 14. Rbc1 Bd6 15. Nh4 Re8 16. Na4 Re4 17. Nf5 Bf8 18. Nc3 Re6 19. Ne2 Qg5 20. Nf4 Rf6 21. Nh4 Bd6 22. Nh3 Qh6 23. Qc2 g6 24. Qe2 {0-1 Gaertner,G (2290)-Fancsy,I (2300) Budapest Statisztika 02 1993 (1)}) 10. O-O c6 11. Rac1 Nbd7 12. Ne2 Ne4 13. Ne5 Nxe5 14. Bxe5 Bd6 15. Bg3 Nxg3 16. fxg3 Qe7 17. Rf3 Qe4 18. Qb3 Re7 19. Nc3 Qg6 20. Re1 Rae8 21. Nd1 Qe6 22. Qc2 Bc7 23. Kh1 Bb6 24. Re2 Bxd4 25. Ref2 Bb6 26. Rf1 Qh6 27. Qf5 Qg6 28. Qxg6 hxg6 29. Re1 d4 0-1

[Event "Olympiad Women 2024"]
[Site "Budapest HUN"]
[Date "2024.09.19"]
[Round "8.71"]
[Board "3"]
[White "Hussin, Fazreena"]
[Black "Majid, Zara"]
[Result "0-1"]
[WhiteElo "1700"]
[BlackElo "1411"]
[PlyCount "81"]
[EventDate "2024.09.11"]
[WhiteTeam "Brunei Darussalam"]
[BlackTeam "Cayman Islands"]
[BlackTeamCountry "CAY"]

1. e4 d6 2. d4 Nf6 3. Nc3 g6 4. f3 Bg7 5. Be3 Nbd7 6. Qd2 O-O 7. O-O-O e5 8. Nge2 ({RR} 8. d5 a6 9. g4 b5 10. h4 Nb6 11. b3 Bd7 12. h5 Rc8 13. hxg6 fxg6 14. g5 Nh5 15. Bh3 Bxh3 16. Rxh3 Nf4 17. Rg3 c6 18. Qf2 Nd7 19. dxc6 Rxc6 20. Nd5 Nxd5 21. Rxd5 Qa5 22. Kb1 Rfc8 {0-1 Imecs,L (2205)-Vajda,L (2582) HUN-chT2 Breyer 0809 2008 (4)}) 8... Nb6 ({RR} 8... a6 9. g4 b5 10. h4 exd4 11. Nxd4 Ne5 12. Be2 c5 13. Nb3 c4 14. Nd4 Qa5 15. Kb1 b4 16. Nd5 Nxd5 17. exd5 c3 18. Qc1 Bd7 19. h5 Bb5 20. Bh6 Bxe2 21. Bxg7 Kxg7 22. hxg6 fxg6 23. Ne6+ {½-½ Pertinez Soria,J (2146)-Hehir,M (2009) Titled Tue 26th Mar Early 2024 (8)}) 9. Kb1 $146 ({RR} 9. dxe5 Nc4 10. exf6 Nxd2 11. fxg7 Kxg7 12. Rxd2 Be6 13. Nf4 Bd7 14. Bc4 Re8 15. Ncd5 c5 16. Nc3 b5 17. Bxb5 Bxb5 18. Nxb5 Qb6 19. Na3 Red8 20. Nd5 Qb7 21. Bg5 Rab8 22. Bf6+ Kf8 23. h4 {1-0 Antonio,C (1835)-Silva Cardoso,H BRA-ch U20 Brasilia 1999 (3)}) 9... Nc4 10. Qc1 Nxe3 11. Qxe3 Nd7 12. g4 Nb6 13. h4 Qe7 14. d5 f5 15. gxf5 gxf5 16. h5 h6 17. Qg1 Qg5 18. Qh2 Kh7 19. Bh3 fxe4 20. Nxe4 Qxh5 21. Bxc8 Qxh2 22. Rxh2 Raxc8 23. Rf1 Nxd5 24. Rh3 Nf4 25. Nxf4 Rxf4 26. c4 b6 27. b3 Kg8 28. Kc2 Kf7 29. Kd3 Ke6 30. Ke3 Rh8 31. Rfh1 Rhf8 32. Rf1 c6 33. Ke2 d5 34. cxd5+ cxd5 35. Nd2 Rc8 36. Rg1 Kf6 37. Rhg3 Bf8 38. Rg6+ Kf7 39. Rg8 Rc2 40. a4 Rd4 41. Rf1 0-1

[Event "Olympiad Women 2024"]
[Site "Budapest HUN"]
[Date "2024.09.19"]
[Round "8.71"]
[Board "4"]
[White "Patil, Anvita Niranjan"]
[Black "Zakaria, Liyana"]
[Result "0-1"]
[WhiteElo "1589"]
[BlackElo "1520"]
[PlyCount "176"]
[EventDate "2024.09.11"]
[WhiteTeam "Cayman Islands"]
[BlackTeam "Brunei Darussalam"]
[WhiteTeamCountry "CAY"]

1. e4 d6 2. d4 Nf6 3. Bd3 Nbd7 4. Nf3 e5 ({RR} 4... g6 5. e5 Nd5 6. O-O Bg7 7. Re1 O-O 8. Bd2 dxe5 9. dxe5 Nc5 10. Bf1 a5 11. Nc3 Nxc3 12. Bxc3 Na4 13. Qd4 Nxc3 14. Qxc3 c6 15. Rad1 Qc7 16. h3 Be6 17. Ng5 Bf5 18. g4 Bc8 19. f4 {½-½ Bykovskiy,O (2312)-Tokranovs,D (2265) Lvov Tradition 09 2016 (6)}) 5. O-O c6 ({RR} 5... Be7 6. Be3 c6 7. h3 Qc7 8. Qd2 O-O 9. Nc3 Re8 10. Rad1 Nf8 11. Rfe1 h6 12. Ne2 Ng6 13. Ng3 Nh7 14. dxe5 dxe5 15. Bc4 Bf8 16. a4 Qe7 17. Nf5 Qf6 18. Ng3 Ng5 19. Bxg5 hxg5 20. Qxg5 {0-1 Terziev,D (2123)-Harriott,T (1802) Titled Tue 16th Jan Early 2024 (4)}) 6. c3 $146 ({RR} 6. a4 Be7 7. c3 Qc7 8. Nbd2 O-O 9. Re1 Rb8 10. Nf1 Rd8 11. Ng3 Nf8 12. a5 b6 13. axb6 axb6 14. Nf5 b5 15. Qe2 b4 16. dxe5 dxe5 17. Nxe7+ Qxe7 18. Be3 bxc3 19. bxc3 Bg4 20. Ra7 Rd7 {0-1 Maltsevskaya,A (2327)-Tevzadze,M (1834) Sharjah Cup Qual (Women) 11th blitz 2021 (7)}) ({RR} 6. h3 Be7 7. Be3 Qc7 8. c3 h6 9. Nbd2 Nf8 10. a3 g5 11. Nh2 Ng6 12. Be2 Nf4 13. Bxf4 gxf4 14. Bg4 h5 15. Bxc8 Qxc8 16. Re1 Rg8 17. Kh1 Qe6 18. Ndf3 Nd7 19. d5 cxd5 20. Qxd5 Qxd5 {0-1 Savli,S (1425)-Deva,A (1621) TUR Cup Antalya 2019 (8)}) ({RR} 6. dxe5 dxe5 7. Nbd2 Bc5 8. Nc4 Qc7 9. Be3 Be7 10. h3 O-O 11. c3 c5 12. a4 b6 13. Qc2 Bb7 14. Rfe1 a6 15. b3 Bc6 16. Ncd2 Qb7 17. Bg5 Rfe8 18. c4 Nh5 19. g3 Bxg5 20. Nxg5 h6 {0-1 Jackiewicz,J (1668)-Bartczak,H (1645) Warsaw YMCA Spring-D 104th 2012 (11)}) 6... Qc7 7. Re1 Be7 8. Be3 h6 9. Qb3 b5 10. Nbd2 Nf8 11. Nf1 g5 12. N3d2 Ng6 13. d5 Nf4 14. Bxf4 gxf4 15. dxc6 a6 16. c4 Be6 17. Rec1 Rg8 18. Qd1 Bh3 19. g3 Bxf1 20. Bxf1 fxg3 21. hxg3 Qb6 22. Qf3 Rc8 23. cxb5 axb5 24. Qe3 Qxe3 25. fxe3 Rxg3+ 26. Kf2 Rg5 27. Bxb5 Rc7 28. a4 d5 29. a5 Bb4 30. Nf3 Nxe4+ 31. Ke2 Rg2+ 32. Kf1 Rf2+ 33. Kg1 Rxf3 34. a6 Bc5 35. Kg2 Rg3+ 36. Kf1 Bxe3 37. a7 Bxa7 38. Rxa7 Kd8 39. Ra3 Rg5 40. Ra8+ Ke7 41. Rb8 Nd6 42. Ba4 Rg4 43. Bd1 Rc4 44. Rxc4 Nxc4 45. Rb7 Kd6 46. Ba4 Nxb2 47. Rxb2 f5 48. Rh2 Rh7 49. Rf2 f4 50. Bc2 Rf7 51. Ba4 e4 52. Rh2 Rf6 53. Bb5 f3 54. Rd2 e3 55. Rh2 f2 56. Rh1 Rg6 57. Ba4 d4 58. Bc2 Rg1+ 59. Rxg1 fxg1=Q+ 60. Kxg1 Kxc6 61. Kf1 Kc5 62. Ke2 Kc4 63. Bd3+ Kc3 64. Be4 h5 65. Bd3 h4 66. Bf5 Kc4 67. Bd3+ Kd5 68. Kf3 Kc5 69. Bf1 Kb4 70. Ke2 Kc3 71. Kf3 Kd2 72. Ke4 e2 73. Bxe2 Kxe2 74. Kxd4 h3 75. Ke4 h2 76. Ke5 h1=Q 77. Kd4 Qd1+ 78. Ke5 Ke3 79. Kf5 Qd4 80. Ke6 Ke4 81. Ke7 Kf5 82. Kf8 Qd6+ 83. Kf7 Qe6+ 84. Kf8 Qd6+ 85. Kf7 Qd7+ 86. Kf8 Ke6 87. Kg8 Kf6 88. Kh8 Qg7# 0-1

[Event "Olympiad Women 2024"]
[Site "Budapest HUN"]
[Date "2024.09.19"]
[Round "8.72"]
[Board "1"]
[White "Yavo Tchetche, Marie"]
[Black "Spinola, Divania"]
[Result "1-0"]
[WhiteElo "1686"]
[BlackElo "1583"]
[PlyCount "115"]
[EventDate "2024.09.11"]
[WhiteTeam "Cote d’Ivoire"]
[BlackTeam "Cape Verde"]

1. d4 d5 2. Nf3 Nf6 3. Bf4 Bf5 4. e3 h6 5. Bd3 ({RR} 5. h3 e6 6. c4 dxc4 7. Bxc4 Bd6 8. Bxd6 cxd6 9. Qb3 Qa5+ 10. Nc3 Nbd7 11. O-O O-O 12. Rfe1 d5 13. Bb5 Rfd8 14. Rec1 Nb6 15. Ne5 a6 16. Be2 Nfd7 17. f4 Nxe5 18. fxe5 Rac8 19. a3 Nc4 {½-½ Mufic,G (2301)-Margitic,Z (2199) CRO Cup 17th 2008 (5)}) 5... Bd7 $146 ({RR} 5... Bg4 6. Nbd2 Nc6 7. c3 e6 8. Qb3 Bxf3 9. Nxf3 Rb8 10. h3 Be7 11. a4 a6 12. O-O O-O 13. Rfc1 Na5 14. Qa2 b6 15. Bxa6 Nb7 16. c4 dxc4 17. Bxc4 Nd6 18. Be2 Nfe4 19. b4 b5 20. a5 {1-0 Larsen,H (1593)-Nielsen,B (1050) Amager-ch 2010 (7)}) ({RR} 5... Bxd3 6. Qxd3 c6 7. Qb3 Qb6 8. Nbd2 Nbd7 9. c3 Qxb3 10. axb3 e6 11. O-O Be7 12. h3 O-O 13. c4 c5 14. Ne5 cxd4 15. exd4 dxc4 16. bxc4 Nxe5 17. Bxe5 Nd7 18. Bg3 Nb6 19. c5 Nd5 20. Ne4 {½-½ Deretti,L (1160)-Gomes,C (1554) Florianopolis op 8th 2022 (8)}) ({RR} 5... Bxd3 6. Qxd3 c6 7. Nbd2 e6 8. O-O-O Bd6 9. Ne5 Nbd7 10. Nxf7 Kxf7 11. Bxd6 Re8 12. g4 e5 13. dxe5 Nxg4 14. Qf5+ Ngf6 15. exf6 Nxf6 16. Ba3 b5 17. Rhg1 Qc7 18. Qg6+ {1-0 Manzanares,R (1897)-Ottonelo Gandarias,M (1749) Latin Cup Montevideo 2011 (7)}) ({RR} 5... Bxd3 6. Qxd3 e6 7. Qb5+ Nbd7 8. Qxb7 Rb8 9. Qxc7 Qxc7 10. Bxc7 Rxb2 11. Kd1 Ne4 12. Rf1 Ndf6 13. Nfd2 Kd7 14. Ba5 Be7 15. f3 Nd6 16. Kc1 Rb5 17. Bc3 Rc8 18. a4 Rb7 19. Ra2 Nf5 20. Re1 {1-0 Pruefer,W-Kucki,H (2090) Ruhrgebiet VL1 9899 1998 (4)}) 6. h3 e6 7. O-O Be7 8. Nbd2 O-O 9. c4 c5 10. Rc1 Na6 11. a3 Qa5 12. cxd5 exd5 13. Bxa6 Qxa6 14. dxc5 Rac8 15. b4 Ba4 16. Nb3 Rfd8 17. Nfd4 Kf8 18. Re1 Ne4 19. f3 Nf6 20. Qe2 Qxe2 21. Rxe2 a6 22. Ree1 Nh5 23. Bh2 Bh4 24. Re2 Bf6 25. g4 Bxd4 26. Nxd4 Nf6 27. Nf5 g6 28. Nd6 Rc7 29. Be5 Ke7 30. Nf5+ Ke6 31. Bxc7 Rd7 32. Nd4+ Ke7 33. Be5 Ng8 34. Bh2 Nf6 35. Rb2 g5 36. Nf5+ Ke8 37. Nxh6 Nh7 38. Rd2 Bb5 39. e4 d4 40. Nf5 d3 41. Nd6+ Ke7 42. Nxb5 axb5 43. Rcd1 Nf6 44. Rxd3 Ke6 45. Rxd7 Nxd7 46. Rxd7 Kxd7 47. f4 f6 48. Kf2 Ke6 49. Ke3 Kf7 50. Kd4 Ke6 51. f5+ Kd7 52. e5 fxe5+ 53. Kxe5 Ke7 54. f6+ Kf7 55. Kf5 Kf8 56. Kg6 Ke8 57. f7+ Kf8 58. Bd6# 1-0

[Event "Olympiad Women 2024"]
[Site "Budapest HUN"]
[Date "2024.09.19"]
[Round "8.72"]
[Board "3"]
[White "Gba, Zotta Marcelle Aurore Regine"]
[Black "Almeida, Jacira Laura"]
[Result "0-1"]
[WhiteElo "1427"]
[BlackElo "1616"]
[PlyCount "96"]
[EventDate "2024.09.11"]
[WhiteTeam "Cote d’Ivoire"]
[BlackTeam "Cape Verde"]

1. e4 e5 2. Nf3 Nc6 3. Bc4 Bc5 4. c3 a6 5. a3 ({RR} 5. d4 exd4 6. cxd4 Bb4+ 7. Nc3 Nf6 8. O-O b5 9. Bd3 d5 10. Bg5 Bxc3 11. bxc3 Ne7 12. e5 Ne4 13. Bxe4 dxe4 14. Nd2 Bf5 15. Re1 Qd5 16. Bxe7 Kxe7 17. Qh5 Bg6 18. Qh4+ Kf8 19. Nb3 h5 {½-½ Gheng,J (2378)-Bauer,P (2244) Oberliga Wuerttemberg 0001 2000 (2.1)}) 5... d6 ({RR} 5... Nf6 6. d4 exd4 7. e5 Qe7 8. cxd4 d5 9. O-O dxc4 10. exf6 Qxf6 11. dxc5 O-O 12. Qc2 Be6 13. Bg5 Qg6 14. Qxg6 fxg6 15. Re1 Rae8 16. Nbd2 b6 17. Rac1 Na5 18. Nd4 Bd5 19. cxb6 cxb6 20. Be7 {0-1 Olier Robayo,M (1566)-Fernandez Noriega,A (1403) COL-ch U20 Girls 2022 (4)}) 6. h3 $146 ({RR} 6. O-O Nf6 7. d3 b5 8. Ba2 Bg4 9. Re1 O-O 10. Nbd2 d5 11. exd5 Nxd5 12. h3 Bh5 13. g4 Bg6 14. Nxe5 Qd6 15. d4 Bb6 16. Qf3 Nce7 17. Nf1 Rfe8 18. Bd2 Kh8 19. Ng3 Rf8 20. h4 Rae8 {1-0 Bellou,N (1165)-Chatziri,A GRE-chT 45th 2017 (4.17)}) ({RR} 6. d4 Ba7 7. Be3 Nf6 8. Nbd2 O-O 9. O-O h6 10. b4 d5 11. exd5 Nxd5 12. Bxd5 Qxd5 13. c4 Qd8 14. Nb3 e4 15. Ne1 Bf5 16. Nc2 b5 17. c5 Ne7 18. Na5 Rb8 19. Qd2 c6 20. Nb3 Rb7 {0-1 Naber,O (1229)-Remmes,W (1117) Steinfurt Bezirksklasse 1718 2017 (7.4)}) 6... Be6 7. Ba2 Nf6 8. d3 O-O 9. O-O Bxa2 10. Rxa2 h6 11. Nbd2 d5 12. exd5 Qxd5 13. c4 Qe6 14. Re1 Rad8 15. b4 Ba7 16. Bb2 Rxd3 17. Nxe5 Nxe5 18. Rxe5 Qd7 19. Ba1 Re8 20. Rxe8+ Nxe8 21. Qe2 Qd8 22. Nf1 Rd7 23. Rd2 Rxd2 24. Nxd2 c6 25. c5 Bb8 26. Nf3 Bc7 27. Nd4 Nf6 28. Nf5 Qe8 29. Qxe8+ Nxe8 30. g4 Kh7 31. Ne3 g5 32. a4 Kg6 33. Nc4 f5 34. gxf5+ Kxf5 35. Ne3+ Kf4 36. Kg2 h5 37. Bd4 Ke4 38. Nc2 Kd3 39. Ne3 Kxd4 40. Kf3 a5 41. Nc2+ Kc3 42. Ne3 axb4 43. Nd1+ Kd2 44. Nb2 Nf6 45. Nc4+ Kc3 46. Ne3 Bf4 47. Ng2 Bc1 48. Ke2 b3 0-1